| 000 | 00705cam a2200217 a 4500 | ||
|---|---|---|---|
| 001 | 000003111 | ||
| 005 | 20200929150331.0 | ||
| 008 | 790702s1979 cr a 000 0 spa | ||
| 040 |
_aDO-SdBNP _bspa _cBNPHU |
||
| 082 |
_aCa863.4 _bA694c, 1979 |
||
| 100 | 1 |
_aArgüello, Carlos Luis, _d1928- _99793 |
|
| 245 | 1 | 0 |
_aCuentos de Sábalo Grande / _cCarlos Luis Argüello ; prólogo, Álvaro Sánchez Mejía. |
| 250 | _a2a ed. | ||
| 260 |
_aSan José : _bCosta Rica, _c1979. |
||
| 300 |
_a108 p. : _bil. ; _c20 cm. |
||
| 650 | 4 |
_aCuentos costarricenses _96239 |
|
| 650 | 4 |
_aLiteratura costarricense _93332 |
|
| 700 | 1 |
_aSánchez Mejía, Álvaro, _epról. _99794 |
|
| 910 | _aCatalogación derivada | ||
| 910 | _aWM | ||
| 999 |
_c2942 _d2942 |
||